| 000 | 00812nam a2200205 i 4500 | ||
|---|---|---|---|
| 001 | 28834 | ||
| 003 | ES-MaACL | ||
| 005 | 20250815062635.0 | ||
| 007 | t| | ||
| 008 | 030120q1903 sp ||||1| spa d | ||
| 100 | 1 |
_aBagehot, Walter. _924629 |
|
| 245 | 1 | 0 |
_aLeyes científicas del desarrollo de las naciones, en sus relaciones con los principios de la selección natural y de la herencia / _cpor Walter Bagehot ; traducción por Luis de Terán. |
| 260 |
_aMadrid : _bLa España Moderna, _c[1903?] ( _fGabriel López del Horno) |
||
| 300 |
_a219 p. ; _c22 cm. |
||
| 490 | 1 | _aBiblioteca de jurisprudencia, filosofía e historia | |
| 700 | 1 |
_aTerán, Luis de, _d1864-1935 _9109725 |
|
| 830 | 0 | 0 |
_aBiblioteca de jurisprudencia, filosofía e historia _9180691 |
| 852 |
_aES-MaACL _jF-14987 |
||
| 999 |
_c28834 _d28834 |
||